Celoročná alergénová imunoterapia u detí s polinózou

Bibliographic Details
Main Authors: Kuková, Zuzana (Author), Kotzigová, Alena (Author), Kapellerová, Alica, 1933-2014 (Author), Ponec, J. (Author)
Corporate Author: Zjazd českých a slovenských alergológov a klinických imunológov (Author)
Format: Conference Proceeding Article
Language:Slovak
ISSN:1335-0013
Subjects:

MARC

LEADER 00000nab a2200000 a 4500
001 vtls000779629
003 SK-MaSNL
005 20260304131007.0
008 250429c2001 xo 0 slo
015 |a SNBRB2002/02-03906 
035 |a CLN000131390 
035 |a urn:nbn:sk:snk-ab71vt 
035 |a (uuid)452ac131-00fb-476b-be25-d21869137ec2 
035 |a (urnnbn)urn:nbn:sk:snk:ar-a06mt9 
035 |a (sysno)vtls000779629 
040 |a SNKBUCL  |b slo  |c SNKBUCL  |e AACR2 
041 0 |a slo 
044 |a xo  |c SK 
080 |a 615.37:616-022.854-053.2  |2 1997 
080 |a 616-022.854-053.2  |2 1997 
245 0 0 |a Celoročná alergénová imunoterapia u detí s polinózou  |c Z. Kuková ... [et al.] 
650 0 7 |a imunoterapia  |2 SNKPH  |9 14283 
650 0 7 |a peľ  |2 SNK  |9 19070 
650 0 7 |a polinóza  |2 SNK  |9 906434 
650 0 7 |a nežiadúce účinky  |2 SNKPH  |9 839822 
650 0 7 |a imunológia  |2 SNKPH  |9 51082 
650 0 7 |a metódy  |2 SNKPH  |9 3855 
650 0 7 |a výsledok liečby  |2 SNK  |9 839245 
650 0 7 |a dieťa  |2 SNKPH  |9 294563 
650 0 7 |a alergická nádcha  |2 SNKPH  |9 29465 
700 1 |a Kuková, Zuzana  |4 aut  |9 339164 
700 1 |a Kotzigová, Alena  |4 aut  |9 890428 
700 1 |a Kapellerová, Alica,  |d 1933-2014  |4 aut  |9 25740 
700 1 |a Ponec, J.  |4 aut  |9 427823 
711 2 |a Zjazd českých a slovenských alergológov a klinických imunológov  |n (18. :  |d 2001 :  |c Poprad, Slovensko)  |4 aut  |9 120287 
773 0 |t Klinická imunológia a alergológia  |g Roč. 11, č. 3 (2001), s. 41  |x 1335-0013 
850 |a Slovenská národná knižnica 
852 |a Slovenská národná knižnica 
954 |a odborná, vedecká literatúra pôvodná (slovenská)  |2 lita 
958 |a article2022 
958 |a MI 
958 |a OND 
958 |a EUIPO 
999 |c 2895899  |d 2897829